| 000 | 00702cab a22001935a 4500 | ||
|---|---|---|---|
| 001 | L145102 | ||
| 008 | 080903l20080901xxk 000 0 eng d | ||
| 035 | _a(Sirsi) u145102 | ||
| 041 | 0 | _aeng | |
| 110 | 2 |
_aEuroProperty _91216 |
|
| 245 | 0 | 0 | _aLondon |
| 490 |
_aEuroProperty _v 1 September 2008, 25-31(7) |
||
| 520 | _aThe London market is at a standstill because vendors do not want to drop prices, and investors see little reason to buy. Also developers are reluctant to start schemes with the uncertainty of a new mayor, the credit crunch and increasing costs. | ||
| 590 | _aKA NTK | ||
| 650 | 2 | 4 | _aUK COMMERCIAL PROPERTY COMMENTARY |
| 650 | 2 | 4 | _aCREDIT CRUNCH |
| 651 | 4 | _aLondon | |
| 942 | _n0 | ||
| 999 |
_c80697 _d80697 |
||